[Event "Marianske Lazne op 12th"]
[Site "Marianske Lazne"]
[Date "2013.01.21"]
[Round "3"]
[White "Brem, Stephan"]
[Black "Molnar, Ladislav"]
[Result "1-0"]
[WhiteElo "2095"]
[BlackElo "1830"]
[PlyCount "111"]
[EventDate "2013.01.19"]
[EventType "swiss"]
[EventRounds "9"]
[EventCountry "CZE"]
[SourceTitle "CBM 152 Extra"]
[Source "ChessBase"]
[SourceDate "2013.02.25"]
[SourceVersion "1"]
[SourceVersionDate "2013.02.25"]
[SourceQuality "1"]

1. b3 e5 2. Bb2 Nc6 3. e3 f5 4. Bb5 d6 5. Ne2 Nf6 6. d4 Bd7 7. Bxc6 Bxc6 8. dxe5 Ng4 9. Nf4 dxe5 10. Qxd8+ Rxd8 11. Nd3 Bxg2 12. Rg1 Bf3 13. Nd2 Bc6 14. h3 e4 15. Nf4 Nf6 16. Ne6 Rd7 17. Rg5 Kf7 18. Nxf8 Rxf8 19. Rxf5 Rfd8 20. Nc4 Rd5 21. Rf4 Re8 22. a4 Bd7 23. h4 Bf5 24. Rd1 Rxd1+ 25. Kxd1 Rd8+ 26. Ke1 g6 27. Bxf6 Kxf6 28. Nd2 Ke5 29. f3 exf3 30. Nxf3+ Kf6 31. Kf2 Re8 32. Nd2 Rd8 33. Ke2 Ke6 34. e4 Ke5 35. Ke3 Rxd2 36. exf5 gxf5 37. Rc4 Rd7 38. Rc5+ Ke6 39. c3 c6 40. Kf4 Rd5 41. Rc4 Rd3 42. a5 Rd5 43. a6 Rb5 44. axb7 Rxb7 45. b4 Rc7 46. Rc5 Rg7 47. Rxc6+ Kd5 48. Rc5+ Kd6 49. Kxf5 Rg3 50. h5 a5 51. Rxa5 Rxc3 52. Ra6+ Kd5 53. Ra7 h6 54. Ra5+ Kd6 55. Ra6+ Ke7 56. Rxh6 1-0

[Event "CZE-chT2A 1213"]
[Site "Czech Republic"]
[Date "2012.12.02"]
[Round "4.6"]
[White "Gutman, Petr"]
[Black "Molnar, Ladislav"]
[Result "1-0"]
[WhiteElo "2127"]
[BlackElo "1830"]
[PlyCount "47"]
[EventDate "2012.10.14"]
[EventType "team-tourn"]
[EventRounds "11"]
[EventCountry "CZE"]
[SourceTitle "EXT 2015"]
[Source "ChessBase"]
[SourceDate "2014.11.20"]
[SourceVersion "1"]
[SourceVersionDate "2014.11.20"]
[SourceQuality "1"]
[WhiteTeam "Kladno"]
[BlackTeam "Karlovy Vary II"]
[WhiteTeamCountry "CZE"]
[BlackTeamCountry "CZE"]

1. c4 Nf6 2. Nc3 e6 3. e4 Bb4 4. e5 Ng8 5. Qg4 g6 6. d4 h5 7. Qg3 Ne7 8. Bg5 d6 9. 0-0-0 Bxc3 10. Qxc3 Qd7 11. Bf6 Rg8 12. Nf3 d5 13. Qa3 b6 14. Kb1 Bb7 15. c5 Nbc6 16. h3 0-0-0 17. Bb5 Rde8 18. Rc1 Kb8 19. cxb6 cxb6 20. Bxe7 Rxe7 21. Bxc6 Bxc6 22. Rxc6 Qxc6 23. Qxe7 Rc8 24. Qd6+ 1-0